000 00286nam a2200109Ia 4500
008 220204s9999 xx 000 0 und d
082 _a331:63(540)
_bRAO
100 _aRAO, V K R V
245 0 _aAgricultural labour in India
260 _aBombay
_bAsia Publishing House
_c1962
942 _cBK
999 _c19288
_d19288